000 00474nam a2200181Ia 4500
001 13402
005 20260306164758.0
008 260306t2006||||xx |||||||||||||| ||spa||
041 _aESP
082 _a003.74
_bL88
100 _aLópez Ruiz, Francisco
_eAUT
245 0 _aInvestigación operativa:
_bmodelos determinísticos. Ejercicios resueltos
260 _c2006
300 _a245 páginas :
_c24 cm.
650 _aGEN
654 _aCCC
942 _cLIB
_dJUS
_fJUS
_2ddc
_n
999 _c13402
_d13402